Protéines du corps humain - Statistiques

Statistiques générales
  • Ce quiz a été pris 538 fois
  • Le résultat moyen est 6 sur 20
Statistiques - réponses
Hint Réponse % Correct
Hormone sécrétée par le pancréas qui régule la glycémie Insuline
92%
Protéine du globule rouge, essentielle pour le transport de l'oxygène Hémoglobine
78%
Protéine principale des cheveux et des ongles Kératine
74%
Aussi sécrété par le pancréas, elle a globalement l'effet inverse de l'insuline Glucagon
60%
Protéine du muscle qui joue un rôle fondamental dans la contraction Myosine
34%
Protéine de structure des cellules qui permet leurs mouvements Actine
31%
Protéine structurelle atteinte lors du scorbut Collagène
28%
Principale protéine du plasma sanguin, dont le rôle est de transporter des substances (médicaments, ...) Albumine
26%
Protéine de structure, qui confèrent les propriétés élastiques aux structures Élastine
26%
Famille de protéines connues familèrement sous le nom d'"anticorps" Immunoglobulines
26%
Famille de protéines dont la cascade d'activation permet la coagulation du sang lors d'un traumatisme des vaisseaux sanguins {Facteurs} de coagulations
25%
Hormone sécrétée par le rein qui active l'Angiotensine II, et par la suite l'Aldostérone Rénine
22%
Hormone qui provoque les contraction de l'utérus Ocytocine
20%
Famille de protéines qui permettent de transporter l'eau à travers la membrane plasmique d'une cellule Aquaporines
18%
Appelée aussi Hormone Anti-Diurétique ou ADH Vasopressine
18%
Famille de protéines transportant des lipides dans le sang, tels que le cholestérol ou les triglycérides Lipoprotéines
14%
Protéine transportant le Fer dans le sang Transferrine
13%
Famille de protéines, certaines étant co-enzymes de la chaîne respiratoire de la mitochondrie, d'autres détoxifiant les médicaments dans le foie Cytochromes
7%
Hormone sécrétée par l'estomac, responsable en partie de la sécrétion d'HCl Gastrine
7%
Protéine qui fixe le Cuivre pour le transporter dans le sang Céruloplasmine
1%
Aucun quiz correspondant
Distribution des résultats
% des personnes avec chaque résultat
Percentile par nombre de réponses
Votre historique - résultats
Vous n’avez pas pris ce quiz